000 00547nam a22002297a 4500
003 UA-OsUOA
001 93495
007 ta
008 20130122b un ||||| |||| 00| 0 ukr d
100 _aЧехов А.П.
090 _a821.111
_bЧ-56
942 _cBK
040 _aUA-OsUOA
_brus
_cUA-OsUOA
_dUA-OsUOA
245 _aПовести
300 _a478 с.
955 _a3
041 _arus
080 _a821.111
260 _aМ.
_c1967
650 7 _a82 Література. Літературознавство
_2UDC
999 _c379738
_d379738